书目信息 |
| 题名: |
CATIA基础教程
|
|
| 作者: | 陆利锋 , 江洪 , 李仲兴 编著 | |
| 分册: | ||
| 出版信息: | 北京 机械工业出版社 2006.01 |
|
| 页数: | 310页 | |
| 开本: | 26cm | |
| 丛书名: | ||
| 单 册: | ||
| 中图分类: | TP391.72 | |
| 科图分类: | ||
| 主题词: | 计算机辅助设计--ji suan ji fu zhu she ji--应用软件--CATIA--教材 | |
| 电子资源: | ||
| ISBN: | 7-111-17788-6 | |
| 000 | 01014nam0 2200265 450 | |
| 001 | 012006089879 | |
| 005 | 20071016101929.62 | |
| 010 | @a7-111-17788-6@dCNY28.00 | |
| 100 | @a20060623d2006 km y0chiy0120 ea | |
| 101 | 0 | @achi |
| 102 | @aCN@b110000 | |
| 105 | @aa a 000yy | |
| 200 | 1 | @aCATIA基础教程@ACATIA ji chu jiao cheng@f江洪, 李仲兴, 陆利锋等编著@Fjiang hong,li zhong xing,lu li feng deng bian zhu |
| 210 | @a北京@c机械工业出版社@d2006.01 | |
| 215 | @a310页@c图@d26cm | |
| 300 | @a21世纪高等院校计算机辅助设计规划教材 | |
| 320 | @a有书目 (第310页)。 | |
| 330 | @a本书介绍CATIA V5 R14的机械设计模块的主要功能及其使用技巧,具体包括CATIA V5操作环境、草图、零件、零件修饰与变换、装配设计、曲线、曲面、工程图八个章节内容。 | |
| 606 | 0 | @a计算机辅助设计@Aji suan ji fu zhu she ji@x应用软件@xCATIA@j教材 |
| 690 | @aTP391.72@v4 | |
| 701 | 0 | @a陆利锋@Alu li feng@4编著 |
| 701 | 0 | @a江洪@Ajiang hong@4编著 |
| 701 | 0 | @a李仲兴@Ali zhong xing@4编著 |
| 801 | 0 | @aCN@c20071016 |
| 905 | @dTP391.72@eJ362 | |
| CATIA基础教程/江洪, 李仲兴, 陆利锋等编著.-北京:机械工业出版社,2006.01 |
| 310页:图;26cm |
| 21世纪高等院校计算机辅助设计规划教材 |
| ISBN 7-111-17788-6:CNY28.00 |
| 本书介绍CATIA V5 R14的机械设计模块的主要功能及其使用技巧,具体包括CATIA V5操作环境、草图、零件、零件修饰与变换、装配设计、曲线、曲面、工程图八个章节内容。 |
| ● |
| 相关链接 |
|
|
|
正题名:CATIA基础教程
索取号:TP391.72/J362
 
预约/预借
| 序号 | 登录号 | 条形码 | 馆藏地/架位号 | 状态 | 备注 |
| 1 | 590964 | 205909640 | 自科二线504/504自科库 7排2列2层/ [索取号:TP391.72/J362] | 在馆 | |
| 2 | 590965 | 205909659 | 自科二线504/504自科库 7排2列2层/ [索取号:TP391.72/J362] | 在馆 | |
| 3 | 590966 | 205909668 | 期刊室512/301自科库 109排2列6层/ [索取号:TP391.72/J362] | 在馆 | |
| 4 | 652365 | 206523653 | 自科库301/301自科库 65排7列2层/ [索取号:TP391.72/J362] | 在馆 | |
| 5 | 652366 | 206523662 | 期刊室512/301自科库 109排2列6层/ [索取号:TP391.72/J362] | 在馆 | |
| 6 | 652367 | 206523671 | 自科库301/301自科库 65排7列2层/ [索取号:TP391.72/J362] | 在馆 |